Variational and quasivariational inequalities : (Record no. 28959)
[ view plain ]
| 000 -LEADER | |
|---|---|
| fixed length control field | 00594 a2200157 4500 |
| 020 ## - INTERNATIONAL STANDARD BOOK NUMBER | |
| International Standard Book Number | 0471902012 |
| 020 ## - INTERNATIONAL STANDARD BOOK NUMBER | |
| International Standard Book Number | 9780471902010 |
| 090 ## - LOCALLY ASSIGNED LC-TYPE CALL NUMBER (OCLC); LOCAL CALL NUMBER (RLIN) | |
| -- | 324 |
| -- | 324 |
| 100 1# - MAIN ENTRY--PERSONAL NAME | |
| Personal name | Baiocchi, Claudio. |
| 245 10 - TITLE STATEMENT | |
| Title | Variational and quasivariational inequalities : |
| Remainder of title | applications to free-boundary problems / |
| Statement of responsibility, etc. | Claudio Baiocchi, Antonio Capelo. |
| 260 ## - PUBLICATION, DISTRIBUTION, ETC. | |
| Place of publication, distribution, etc. | [S.l.] : |
| Name of publisher, distributor, etc. | John Wiley & Sons Ltd, |
| Date of publication, distribution, etc. | 1984. |
| 300 ## - PHYSICAL DESCRIPTION | |
| Extent | 462 p. |
| 700 1# - ADDED ENTRY--PERSONAL NAME | |
| Personal name | Capelo, Antonio. |
| 942 ## - ADDED ENTRY ELEMENTS (KOHA) | |
| Institution code [OBSOLETE] | SNS |
| Koha item type | Book |
| Call number prefix | 515.64 BAI |
| Withdrawn status | Lost status | Damaged status | Not for loan | Permanent Location | Current Location | Date acquired | Total Checkouts | Full call number | Barcode | Date last seen | Price effective from | Koha item type |
|---|---|---|---|---|---|---|---|---|---|---|---|---|
| School of Natural Sciences (SNS) | School of Natural Sciences (SNS) | 05/26/2016 | 515.64 BAI | SNS0000237 | 05/26/2016 | 05/26/2016 | Book |
